| 000 | 00562nam a2200181Ia 4500 | ||
|---|---|---|---|
| 008 | 220216s9999 xx 000 0 und d | ||
| 100 | _aMercykutty V C | ||
| 245 | 0 | _aUse of polyhouse ecosystem for better and uniform growth of budded stumps of rubber in polybags | |
| 260 | _bInternational Workshop on Rubber Tree Breeding, IRRDB, Brazil, 4-7 April 2011 | ||
| 650 | _aBudgrafted plants | ||
| 650 | _aPolyhouse | ||
| 650 | _aPolyvinyl sheets | ||
| 700 | _aMydin K K | ||
| 700 | _aPriyadarshan P M | ||
| 700 | _aRaj S | ||
| 700 | _aRoy C B | ||
| 942 | _cBS | ||
| 999 |
_c49280 _d49280 |
||